00546nam a22001457a 4500999001500000008004100015020001800056100002000074245002900094250001500123260004500138650004200183942001200225952016300237 c8597d8597200319b ||||| |||| 00| 0 eng d a1234567152986 aPrimrose, S. B. aMolecular Biotechnology a2nd (2001) aNew DelhibPANIMA PUBLISHING CORPORATION a Pharmaceutical Microbiology/ Biotech 2ddccBK 00102ddc40708BPaPIETbPIETd2020-01-07eKirti PrakashanfIN Rupeesg1295.00kIN5980l0o660.6 PRMpBP328r2020-03-19 00:00:00t1v971.25w2020-01-07yREF